[Event "Nizhnij Novgorod-ch"]
[Site "Nizhnij Novgorod"]
[Date "2014.??.??"]
[Round "9"]
[White "Gavrilov, Nikolay S"]
[Black "Platonychev, Aleksandr"]
[Result "1-0"]
[WhiteElo "2028"]
[BlackElo "1886"]
[PlyCount "121"]
[EventDate "2014.03.??"]
[EventType "swiss"]
[EventRounds "9"]
[EventCountry "RUS"]
[SourceTitle "EXT 2016"]
[Source "ChessBase"]
[SourceDate "2015.10.08"]
[SourceVersion "1"]
[SourceVersionDate "2015.10.08"]
[SourceQuality "1"]

1. e4 c5 2. Nf3 Nc6 3. d4 cxd4 4. Nxd4 Nf6 5. Nc3 e5 6. Ndb5 d6 7. Nd5 Nxd5 8. exd5 Nb8 9. Be3 f5 10. f4 a6 11. Na3 e4 12. Bd4 Nd7 13. Be2 Nf6 14. c4 Be7 15. 0-0 0-0 16. Nc2 Bd7 17. Ne3 Ne8 18. b4 b6 19. a4 Bf6 20. a5 Rb8 21. axb6 Bxd4 22. Qxd4 Qxb6 23. Qxb6 Rxb6 24. Rfb1 Nc7 25. c5 Rbb8 26. c6 Bc8 27. Ra5 h6 28. Kf2 g5 29. g3 Kg7 30. Nc2 Kf6 31. Nd4 g4 32. Bc4 h5 33. Rb3 h4 34. gxh4 Rh8 35. Kg3 Re8 36. Nc2 Rb6 37. Ne3 Rh8 38. Be2 Rd8 39. h3 gxh3 40. Kxh3 Rb8 41. Kg2 Rg8+ 42. Kf2 Rh8 43. h5 Nb5 44. Nc2 Nc7 45. Rg3 Nb5 46. Rg6+ Kf7 47. Rg3 Nc7 48. Rh3 Rh6 49. Bc4 Rb6 50. Ra1 Ne8 51. Rg1 Nf6 52. Rg5 Ng4+ 53. Ke1 Rb8 54. Kd2 Rh8 55. Kc3 Rh7 56. Ne3 Nh6 57. Be2 Ra8 58. Rg6 Ke7 59. Rhg3 Nf7 60. Rg7 Rh8 61. R3g6 1-0

[Event "Nizhnij Novgorod-ch"]
[Site "Nizhnij Novgorod"]
[Date "2010.03.??"]
[Round "?"]
[White "Gavrilov, Nikolay S"]
[Black "Pristalov, Evgeny"]
[Result "1/2-1/2"]
[WhiteElo "2057"]
[BlackElo "1997"]
[PlyCount "89"]
[EventDate "2010.03.13"]
[EventType "swiss"]
[EventRounds "9"]
[EventCountry "RUS"]
[SourceTitle "EXT 2022"]
[Source "ChessBase"]
[SourceDate "2021.10.06"]
[SourceVersion "1"]
[SourceVersionDate "2021.10.06"]
[SourceQuality "1"]

1. d4 Nf6 2. Nf3 g6 3. c4 Bg7 4. Nc3 d5 5. cxd5 Nxd5 6. Na4 Nc6 7. e4 Nb6 8. Bb5 a6 9. Bxc6+ bxc6 10. h3 0-0 11. Bf4 Rb8 12. Nc5 Nd7 13. Nd3 f5 14. Ng5 Nf6 15. Ne5 Rxb2 16. Nxc6 Qd7 17. Qc1 Rb6 18. Qc4+ e6 19. Rc1 Nxe4 20. 0-0 Nxg5 21. Bxg5 h6 22. Bf4 g5 23. Be5 Bb7 24. Na5 Bxe5 25. dxe5 Bd5 26. Qxc7 Qxc7 27. Rxc7 Bxa2 28. Nc6 Rf7 29. Rc8+ Kg7 30. Rd1 Bd5 31. Nd4 Rfb7 32. Nxf5+ exf5 33. Rxd5 Re6 34. Rcc5 Rbe7 35. Kf1 Rb6 36. g3 f4 37. Ke2 Kg6 38. Kf3 Kf5 39. gxf4 gxf4 40. Rd6 Rb3+ 41. Kg2 Rg7+ 42. Kf1 f3 43. Rc1 Rb2 44. Rf6+ Kxe5 45. Rxf3 1/2-1/2

[Event "Nizhnij Novgorod-ch"]
[Site "Nizhnij Novgorod"]
[Date "2010.03.??"]
[Round "?"]
[White "Gavrilov, Nikolay S"]
[Black "Smirnova, Anastasia"]
[Result "1-0"]
[WhiteElo "2057"]
[BlackElo "1999"]
[PlyCount "69"]
[EventDate "2010.03.13"]
[EventType "swiss"]
[EventRounds "9"]
[EventCountry "RUS"]
[SourceTitle "EXT 2022"]
[Source "ChessBase"]
[SourceDate "2021.10.06"]
[SourceVersion "1"]
[SourceVersionDate "2021.10.06"]
[SourceQuality "1"]

1. d4 Nf6 2. Nf3 c6 3. c4 b5 4. cxb5 cxb5 5. e3 Qb6 6. Bd3 Bb7 7. 0-0 e6 8. Qe2 a6 9. Nc3 Nc6 10. Bd2 Be7 11. Rac1 0-0 12. Ne4 Nxe4 13. Bxe4 Rac8 14. Rfd1 b4 15. Bb1 Bf6 16. h4 h5 17. Ng5 g6 18. g4 Bxg5 19. hxg5 Qd8 20. f4 hxg4 21. Qxg4 Kg7 22. e4 Qb6 23. Be3 Rh8 24. Bf2 d5 25. f5 dxe4 26. f6+ Kg8 27. Bxe4 Qa5 28. d5 exd5 29. Bxg6 Qc7 30. Bg3 Qb6+ 31. Kg2 Rf8 32. Bf5 Nd8 33. Rd4 Nc6 34. g6 Rd8 35. gxf7+ 1-0

[Event "Nizhnij Novgorod Dubinin Memorial 17th"]
[Site "Nizhnij Novgorod"]
[Date "2010.??.??"]
[Round "?"]
[White "Tumanov, Ilya"]
[Black "Gavrilov, Nikolay S"]
[Result "0-1"]
[WhiteElo "1943"]
[BlackElo "2074"]
[PlyCount "80"]
[EventDate "2010.01.03"]
[EventType "swiss"]
[EventRounds "9"]
[EventCountry "RUS"]
[SourceTitle "CBM 134 Extra"]
[Source "ChessBase"]
[SourceDate "2010.03.03"]
[SourceVersion "1"]
[SourceVersionDate "2010.03.03"]
[SourceQuality "1"]

1. d4 Nf6 2. c4 g6 3. Nc3 Bg7 4. e4 0-0 5. Be3 d6 6. f3 Nbd7 7. Bd3 e5 8. Nge2 Re8 9. 0-0 Nf8 10. d5 h6 11. Qd2 Kh7 12. b4 Ng8 13. Qc2 Ne7 14. g4 Nd7 15. c5 a6 16. a4 Rf8 17. a5 Nf6 18. cxd6 cxd6 19. Na4 Ne8 20. Nb6 Rb8 21. Rac1 f5 22. exf5 gxf5 23. Ng3 Kh8 24. gxf5 Nf6 25. Be4 Bd7 26. Qc7 Bb5 27. Rf2 Ne8 28. Qc3 Ng8 29. Rfc2 Qh4 30. Qd2 Ne7 31. Nc8 Rf7 32. Nxe7 Rxe7 33. Rc8 Rxc8 34. Rxc8 Bf6 35. Bxh6 Rh7 36. Be3 Kg8 37. Rc3 Bd7 38. Rc2 Bg7 39. Qf2 Kf8 40. Kh1 Rh8 0-1

[Event "Nizhnij Novgorod Region-ch op"]
[Site "Nizhnij Novgorod"]
[Date "2008.10.??"]
[Round "6"]
[White "Gavrilov, Nikolay S"]
[Black "Shulakova, Svetlana"]
[Result "1-0"]
[WhiteElo "2051"]
[BlackElo "2151"]
[PlyCount "81"]
[EventDate "2008.10.04"]
[EventType "swiss"]
[EventRounds "9"]
[EventCountry "RUS"]
[SourceTitle "EXT 2022"]
[Source "ChessBase"]
[SourceDate "2021.10.06"]
[SourceVersion "1"]
[SourceVersionDate "2021.10.06"]
[SourceQuality "1"]

1. c4 c5 2. Nf3 Nf6 3. d4 cxd4 4. Nxd4 e5 5. Nb5 d5 6. cxd5 Bc5 7. N1c3 a6 8. Na3 0-0 9. e3 b5 10. Nc2 b4 11. Na4 Be7 12. Bc4 Bb7 13. 0-0 Nxd5 14. e4 Nf6 15. Qxd8 Rxd8 16. f3 Nbd7 17. Be3 Rac8 18. b3 Bc6 19. Nb6 Nxb6 20. Bxb6 Rd2 21. Rf2 Rxf2 22. Bxf2 Bb5 23. Ne3 Bc5 24. Bxb5 axb5 25. Rc1 Rc7 26. Kf1 g6 27. Ke2 h6 28. Ng4 Nxg4 29. Rxc5 Rxc5 30. Bxc5 Nf6 31. Bxb4 Nd7 32. a4 bxa4 33. bxa4 f6 34. Kd3 Kf7 35. a5 Nb8 36. Kc4 Ke6 37. Kb5 Kd7 38. a6 Nc6 39. Bc5 Kc7 40. a7 Kb7 41. a8Q+ 1-0